书目信息 |
| 题名: |
太极拳运动
|
|
| 作者: | ;中华人民共和国体育运动委员会运动司 编 | |
| 分册: | ||
| 出版信息: | 北京 人民体育出版社 1978 |
|
| 页数: | 167页 | |
| 开本: | 19cm | |
| 丛书名: | ||
| 单 册: | ||
| 中图分类: | G852.11 | |
| 科图分类: | ||
| 主题词: | 太极拳 | |
| 电子资源: | ||
| ISBN: | ||
| 000 | 00752nam0 2200217 45 | |
| 001 | 0176002501 | |
| 005 | 20060809082926.53 | |
| 010 | @dCNY0.34 | |
| 100 | @a19950929d1978 em y0chiy0121 ea | |
| 101 | 0 | @achi |
| 102 | @aCN@b110000 | |
| 105 | @af z 000yy | |
| 200 | 10 | @a太极拳运动@Atai ji quan yun dong@f中华人民共和国体育运动委员会运动司编@Fzhong hua ren min gong he guo ti yu yun dong wei yuan hui yun dong si bian |
| 210 | @a北京@c人民体育出版社@d1978 | |
| 215 | @a167页@c图@d19cm | |
| 606 | @a太极拳 | |
| 690 | @aG852.11@v3 | |
| 711 | 02 | @a中华人民共和国体育运动委员会运动司@Azhong hua ren min gong he guo ti yu yun dong wei yuan hui yun dong si@4编 |
| 801 | 0 | @aCN@bTSSF@c20060809 |
| 801 | 2 | @aCN@bNLC@c20060808 |
| 905 | @a10447@dG852.11@e120 | |
| 太极拳运动/中华人民共和国体育运动委员会运动司编.-北京:人民体育出版社,1978 |
| 167页:图;19cm |
| ISBN :CNY0.34 |
| ● |
| 相关链接 |
|
|
|
|
正题名:太极拳运动
索取号:G852.11/120
 
预约/预借
| 序号 | 登录号 | 条形码 | 馆藏地/架位号 | 状态 | 备注 |
| 1 | 0447144 | 204471446 | 密集书库/ [索取号:G852.11/120] | 在馆 | |
| 2 | 0447681 | 204476815 | 密集书库/ [索取号:G852.11/120] | 在馆 | |
| 3 | 0447682 | 204476824 | 密集书库/ [索取号:G852.11/120] | 在馆 |